Calculus of variations with applications / (Record no. 8437)

MARC details
000 -LEADER
fixed length control field 01018pam a2200277 a 4500
001 - CONTROL NUMBER
control field 3787337
003 - CONTROL NUMBER IDENTIFIER
control field OSt
005 - DATE AND TIME OF LATEST TRANSACTION
control field 20240612144417.0
008 - FIXED-LENGTH DATA ELEMENTS--GENERAL INFORMATION
fixed length control field 840905r19851969nyua b 000 0 eng
010 ## - LIBRARY OF CONGRESS CONTROL NUMBER
LC control number 84018870
020 ## - INTERNATIONAL STANDARD BOOK NUMBER
International Standard Book Number 0486648567 (pbk.) :
Terms of availability $8.50
040 ## - CATALOGING SOURCE
Original cataloging agency DLC
Transcribing agency MUST
Modifying agency DLC
050 00 - LIBRARY OF CONGRESS CALL NUMBER
Classification number QA315
Item number .E9 1985
082 00 - DEWEY DECIMAL CLASSIFICATION NUMBER
Classification number 515.64 EWI 1985
Edition number 19
100 1# - MAIN ENTRY--PERSONAL NAME
Personal name Ewing, George M.
Fuller form of name (George McNaught),
Dates associated with a name 1907-
9 (RLIN) 17139
245 10 - TITLE STATEMENT
Title Calculus of variations with applications /
Statement of responsibility, etc. George M. Ewing.
260 ## - PUBLICATION, DISTRIBUTION, ETC. (IMPRINT)
Place of publication, distribution, etc. New York :
Name of publisher, distributor, etc. Dover Publications,
Date of publication, distribution, etc. 1985.
300 ## - PHYSICAL DESCRIPTION
Extent vii, 343 p. :
Other physical details ill. ;
Dimensions 22 cm.
500 ## - GENERAL NOTE
General note Reprint. Originally published: New York : W.W. Norton, c1969. With new pref. and supplemental bibliography.
500 ## - GENERAL NOTE
General note Includes index.
504 ## - BIBLIOGRAPHY, ETC. NOTE
Bibliography, etc Bibliography: p. 331-340.
650 #0 - SUBJECT ADDED ENTRY--TOPICAL TERM
Topical term or geographic name as entry element Calculus of variations.
9 (RLIN) 17140
856 42 - ELECTRONIC LOCATION AND ACCESS
Materials specified Publisher description
Uniform Resource Identifier <a href="http://www.loc.gov/catdir/description/dover033/84018870.html">http://www.loc.gov/catdir/description/dover033/84018870.html</a>
906 ## - LOCAL DATA ELEMENT F, LDF (RLIN)
a 7
b cbc
c orignew
d 1
e ocip
f 19
g y-gencatlg
942 ## - ADDED ENTRY ELEMENTS (KOHA)
Source of classification or shelving scheme Dewey Decimal Classification
Koha item type Open Shelf
Holdings
Withdrawn status Lost status Source of classification or shelving scheme Damaged status Not for loan Home library Current library Date acquired Source of acquisition Inventory number Total Checkouts Full call number Barcode Date last seen Price effective from Koha item type
    Other/Generic Classification Scheme     MUST Main Library MUST Main Library 12/06/2024 purchase 06/28279   515.64 EWI 1985 2024-20402 12/06/2024 12/06/2024 Open Shelf
    Other/Generic Classification Scheme     MUST Main Library MUST Main Library 12/06/2024 purchase 06/28278   515.64 EWI 1985 2024-20403 12/06/2024 12/06/2024 Open Shelf